000 00503cam a2200205ua 4500
001 8566
005 20260515114341.0
008 150206n ii |||gr||||Z||||||asm
020 _a9788172131555
040 _cMAIN
041 _aasm
082 _a301.0954
100 _aBorah, R.,
_eAuthor.
245 1 _aSnatak mahalar bharatiya samaj paddhati
_cBy Rajen Borah
250 _a1st.
260 _aGuwahati:
_bPurbanchal,
_c2012.
300 _a240p.
653 _aSociology & anthropology
942 _cBK
999 _c7661
_d7661